<?xml version="1.0" encoding="UTF-8"?>
<record
    xmlns:xsi="http://www.w3.org/2001/XMLSchema-instance"
    xsi:schemaLocation="http://www.loc.gov/MARC21/slim http://www.loc.gov/standards/marcxml/schema/MARC21slim.xsd"
    xmlns="http://www.loc.gov/MARC21/slim">

  <leader>01775nam a22002897i 4500</leader>
  <datafield tag="999" ind1=" " ind2=" ">
    <subfield code="c">22909</subfield>
    <subfield code="d">22909</subfield>
  </datafield>
  <controlfield tag="003">AR-CdUCM</controlfield>
  <controlfield tag="008">240521b20222022 pe||||| |||| 00| 0 spa d</controlfield>
  <datafield tag="020" ind1=" " ind2=" ">
    <subfield code="a">978-612-49070-0-5</subfield>
  </datafield>
  <datafield tag="040" ind1=" " ind2=" ">
    <subfield code="a">MUNICIPALIDAD PROVINCIAL DEL CUSCO</subfield>
    <subfield code="c">BIBLIOTECA MUNICIPAL DEL CUSCO</subfield>
  </datafield>
  <datafield tag="082" ind1=" " ind2=" ">
    <subfield code="a">323.042 / H44</subfield>
    <subfield code="b">H44</subfield>
  </datafield>
  <datafield tag="100" ind1=" " ind2=" ">
    <subfield code="a">Hern&#xE1;ndez Muro, Alex</subfield>
  </datafield>
  <datafield tag="245" ind1=" " ind2=" ">
    <subfield code="a">Rep&#xFA;blica de invisibles: </subfield>
    <subfield code="b">pol&#xED;ticas, ciudadan&#xED;a y activismos LGBTIQ+ /</subfield>
  </datafield>
  <datafield tag="260" ind1=" " ind2=" ">
    <subfield code="a">Lima :</subfield>
    <subfield code="b">Ministerio de Cultura del Per&#xFA;,</subfield>
    <subfield code="b">Proyecto Especial Bicentenario de la Independencia del Per&#xFA;,</subfield>
    <subfield code="c">2022</subfield>
  </datafield>
  <datafield tag="300" ind1=" " ind2=" ">
    <subfield code="a">288 p&#xE1;ginas. :</subfield>
    <subfield code="c">21 cm.</subfield>
  </datafield>
  <datafield tag="500" ind1=" " ind2=" ">
    <subfield code="z">Bibliograf&#xED;a: p&#xE1;ginas 263 - 285</subfield>
  </datafield>
  <datafield tag="505" ind1=" " ind2=" ">
    <subfield code="a">El Per&#xFA; es travestismo -- Evidencias de la existencia LGTBIQ+: de las cr&#xF3;nicas a la prensa -- Pol&#xED;ticas de higienismo en la rep&#xFA;blica -- As&#xED; mueren los maricones: disidencias en el conflicto armado -- Fin de siglo: despatologizaci&#xF3;n de la homosexualidad, epidemia del VIH e inicios del movimiento LGBTI --  Violencia por prejuicio -- Ordenanzas contra la discriminaci&#xF3;n -- Decreto 1323 y los cr&#xED;menes de odio -- Deudas hist&#xF3;ricas y agenda LGBTI al bicentenario -- Existimos y resistimos </subfield>
  </datafield>
  <datafield tag="650" ind1=" " ind2=" ">
    <subfield code="a">El Per&#xFA; es travestismo</subfield>
    <subfield code="9">49909</subfield>
  </datafield>
  <datafield tag="650" ind1=" " ind2=" ">
    <subfield code="a">Evidencias de la existencia LGTBIQ+: de las cr&#xF3;nicas a la prensa</subfield>
    <subfield code="9">49910</subfield>
  </datafield>
  <datafield tag="650" ind1=" " ind2=" ">
    <subfield code="a">Pol&#xED;ticas de higienismo en la rep&#xFA;blica</subfield>
    <subfield code="9">49911</subfield>
  </datafield>
  <datafield tag="650" ind1=" " ind2=" ">
    <subfield code="a">Fin de siglo: despatologizaci&#xF3;n de la homosexualidad, epidemia del vih e inicios del movimiento lgbti</subfield>
    <subfield code="9">49912</subfield>
  </datafield>
  <datafield tag="650" ind1=" " ind2=" ">
    <subfield code="a">La ideolog&#xED;a de g&#xE9;nero y los fundamentalismos religiosos y cient&#xED;ficos</subfield>
    <subfield code="9">49913</subfield>
  </datafield>
  <datafield tag="650" ind1=" " ind2=" ">
    <subfield code="a"> Violencia por prejuicio</subfield>
    <subfield code="9">49914</subfield>
  </datafield>
  <datafield tag="650" ind1=" " ind2=" ">
    <subfield code="a">Existimos y resistimos</subfield>
    <subfield code="9">49915</subfield>
  </datafield>
  <datafield tag="856" ind1=" " ind2=" ">
    <subfield code="f">www.bicentenario.gob.pe/biblioteca</subfield>
  </datafield>
  <datafield tag="942" ind1=" " ind2=" ">
    <subfield code="2">ddc</subfield>
    <subfield code="c">LIBROS</subfield>
  </datafield>
  <datafield tag="945" ind1=" " ind2=" ">
    <subfield code="a">pbj</subfield>
    <subfield code="d">2024-05-21</subfield>
  </datafield>
  <datafield tag="952" ind1=" " ind2=" ">
    <subfield code="0">0</subfield>
    <subfield code="2">ddc</subfield>
    <subfield code="4">0</subfield>
    <subfield code="7">0</subfield>
    <subfield code="a">SH</subfield>
    <subfield code="b">SH</subfield>
    <subfield code="c">CART</subfield>
    <subfield code="d">2024-05-21</subfield>
    <subfield code="e">Dep&#xF3;sito Legal</subfield>
    <subfield code="g">20.00</subfield>
    <subfield code="o">323.042 / H44</subfield>
    <subfield code="p">SH0000016746</subfield>
    <subfield code="r">2024-05-21</subfield>
    <subfield code="y">LIBROS</subfield>
  </datafield>
</record>
